Making sense of key money (Record no. 6312)

MARC details
000 -LEADER
fixed length control field 00989cab a2200205 4500
001 - CONTROL NUMBER
control field ABS38347
008 - FIXED-LENGTH DATA ELEMENTS--GENERAL INFORMATION
fixed length control field 090401t1987 xxu||||| |||| 00| 0 eng d
035 ## - SYSTEM CONTROL NUMBER
System control number (Sirsi) u10044
041 ## - LANGUAGE CODE
Language code of text/sound track or separate title eng
100 ## - MAIN ENTRY--PERSONAL NAME
Personal name Boston, C.
245 ## - TITLE STATEMENT
Title Making sense of key money
260 ## - PUBLICATION, DISTRIBUTION, ETC.
Date of publication, distribution, etc. 1987
350 ## - PRICE (NR) (BK AM CF MU VM SE) [OBSOLETE]
Price 0
490 ## - SERIES STATEMENT
Series statement Estates Gazette
Volume/sequential designation 284(6354) 3 October 1987, 20-21(2)
520 ## - SUMMARY, ETC.
Summary, etc. Begins by noting the current trend in retailing for fashion retailers to pay well over the odds for a prime location. Gives brief guidance on factors to include in preparing a valuation of a rack-rented shop lease in such a location, paying particular attention to the value of tenants improvements and true profit rent . Assesses the determination of key money value. Includes a list of shops in Sloane Street, central London, which have changed hands in recent years; all have been replaced by fashion retailers.
650 ## - SUBJECT ADDED ENTRY--TOPICAL TERM
Topical term or geographic name entry element SHOPS
690 ## - LOCAL SUBJECT ADDED ENTRY--TOPICAL TERM (OCLC, RLIN)
Topical term or geographic name as entry element RATING AND VALUATION
942 ## - ADDED ENTRY ELEMENTS (KOHA)
Suppress in OPAC 0
948 ## - LOCAL PROCESSING INFORMATION (OCLC); SERIES PART DESIGNATOR (RLIN)
c (OCLC) 04/03/1997
Holdings
Withdrawn status Lost status Source of classification or shelving scheme Damaged status Not for loan Home library Current library Shelving location Date acquired Total Checkouts Full call number Barcode Date last seen Copy number Price effective from Koha item type
    Dewey Decimal Classification     London London Journal article 14/09/1999   ABS38347 10044-1001 06/08/2019 1 06/08/2019 Journal article